Occasional Papers Nos.110-114 of the Research Project on National Income in East Central Europe (Record no. 966)

MARC details
000 -LEADER
fixed length control field 00526nam a22002057i 4500
001 - CONTROL NUMBER
control field 976
003 - CONTROL NUMBER IDENTIFIER
control field OSt
005 - DATE AND TIME OF LATEST TRANSACTION
control field 20170126082248.0
007 - PHYSICAL DESCRIPTION FIXED FIELD--GENERAL INFORMATION
fixed length control field tu
008 - FIXED-LENGTH DATA ELEMENTS--GENERAL INFORMATION
fixed length control field 161220s1990 xxu||||| |||| 00| 0 d
024 7# - OTHER STANDARD IDENTIFIER
Standard number or code 975
Source of number or code RID
040 ## - CATALOGING SOURCE
Transcribing agency OSt
084 ## - OTHER CLASSIFICATION NUMBER
Classification number 8.23
Number source z
100 1# - MAIN ENTRY--PERSONAL NAME
Personal name Alton, Thad P. et. al.
Relator term Ed.
245 00 - TITLE STATEMENT
Title Occasional Papers Nos.110-114 of the Research Project on National Income in East Central Europe
260 ## - PUBLICATION, DISTRIBUTION, ETC.
Place of publication, distribution, etc. New York,
Date of publication, distribution, etc. 1990.
300 ## - PHYSICAL DESCRIPTION
Dimensions 30cm
490 ## - SERIES STATEMENT
Series statement Occasional Paper
Volume/sequential designation 110-114
651 ## - SUBJECT ADDED ENTRY--GEOGRAPHIC NAME
Geographic name Eastern Europe
942 ## - ADDED ENTRY ELEMENTS (KOHA)
Koha item type Book
Holdings
Withdrawn status Lost status Damaged status Not for loan Home library Current library Shelving location Date acquired Inventory number Total Checkouts Full call number Barcode Date last seen Price effective from Koha item type
        WIIW WIIW Souterrain 10/19/1992 976   II-690/110-114 300974 01/26/2017 01/26/2017 Book
The Vienna Instiute for International Economic Studies (wiiw)